|
|
|
|
| LEADER |
00000nam0a2200000 4500 |
| 001 |
290748 |
| 005 |
20231102000323.0 |
| 035 |
|
|
|a (RuTPU)RU\TPU\book\315304
|
| 090 |
|
|
|a 290748
|
| 100 |
|
|
|a 20150408d1982 k y0rusy50 ca
|
| 101 |
0 |
|
|a rus
|
| 102 |
|
|
|a RU
|
| 105 |
|
|
|a a z 001zy
|
| 200 |
1 |
|
|a Методика обоснования региональных гидрогеологических моделей многослойных систем
|f З. А. Водоватова [и др.]
|
| 210 |
|
|
|a Москва
|c Недра
|d 1982
|
| 215 |
|
|
|a 147 с.
|c ил.
|
| 320 |
|
|
|a Библиогр.: с. 143-145.
|
| 606 |
1 |
|
|a Гидрогеология
|2 stltpush
|3 (RuTPU)RU\TPU\subj\38647
|9 59032
|
| 610 |
1 |
|
|a многослойные системы
|
| 610 |
1 |
|
|a региональные модели
|
| 610 |
1 |
|
|a аридные зоны
|
| 610 |
1 |
|
|a полуаридные зоны
|
| 610 |
1 |
|
|a гидродинамические исследования
|
| 610 |
1 |
|
|a грунтовые воды
|
| 610 |
1 |
|
|a баланс
|
| 610 |
1 |
|
|a водообмен
|
| 610 |
1 |
|
|a подземные воды
|
| 675 |
|
|
|a 556.3
|v 3
|
| 701 |
|
1 |
|a Водоватова
|b З. А.
|
| 701 |
|
1 |
|a Гохберг
|b Л. К.
|
| 701 |
|
1 |
|a Ефремов
|b Д. И.
|
| 701 |
|
1 |
|a Клюквин
|b А. Н.
|
| 701 |
|
1 |
|a Коробейников
|b В. А.
|
| 701 |
|
1 |
|a Леви
|b Л. З.
|
| 801 |
|
1 |
|a RU
|b 63413507
|c 20150408
|
| 801 |
|
2 |
|a RU
|b 63413507
|c 20180913
|g RCR
|
| 942 |
|
|
|c BK
|